000 00297nam a22001337a 4500
008 170831b xxu||||| |||| 00| 0 eng d
020 _a0139715088
041 _aeng
080 _22ND
_a070
100 _a40
101 _aMED
245 _aWRITING FOR THE MEDIA
_cRUBENSTEIN,P.M
942 _2udc
_cBK
999 _c25763
_d25763